000 00535nam a22002057a 4500
003 OSt
005 20241001121742.0
008 241001b |||||||| |||| 00| 0 eng d
020 _a9780323711920
040 _cNLM
082 _aWH17 C615c 2013
100 _aCarr, Jacqueline H.
_93052
245 _aClinical Hematology Atlas
250 _a6th Ed.
260 _aMissouri;
_bElsevier,
_c2013
300 _axi,261p; Col.ill: 25cm
504 _aGlossary & appendix included
650 _aHematology Atlas
_96758
942 _2z
_cO_SHELF
999 _c9431
_d9431